Allgemeine Metaphysik /

Gespeichert in:
Bibliographische Detailangaben
1. Verfasser: Lotz, Johannes Baptist (ed.)
Weitere Verfasser: Brugger, Walter (edición) (edición)
Format: Buch
Sprache:German
Veröffentlicht: Munich, Alemania : Berchmanskolleg, 1956, c1956
Schriftenreihe:(Philosophische Hefte ; 2)
Schlagworte:
Tags: Tag hinzufügen
Keine Tags, Fügen Sie das erste Tag hinzu!

MARC

LEADER 00000nam^a2200000^a^4500
001 000334684
005 20250521000000.0
009 20260526140856.31
037 |a Acervo Xavier Clavigero 
041 |a ALE 
082 |a 110.  |b LOT 
100 |a Lotz, Johannes Baptist  |e (ed.) 
245 1 0 |a Allgemeine Metaphysik /  |c ed. de J.B. Lotz, W. Brugger. 
264 4 |a Munich, Alemania :  |b Berchmanskolleg,  |c 1956, c1956 
300 |a 206 p. 
336 |a texto  |b txt  |2 rdacontenido 
337 |a sin mediación  |b n  |2 rdamedio 
338 |a volumen  |b nc  |2 rdasoporte 
440 1 |a (Philosophische Hefte ;  |v 2) 
649 |a XX 
650 |a Substancia (Filosofía) 
650 |a Trascendentales 
650 |a Ontología 
650 |a Metafísica -  |x Tema Principal 
650 |a Filosofía 
700 |a Brugger, Walter  |e (edición) 
910 |a Fondo General 
920 |a Impresos - Libros 
930 |a Colección General 
905 |a 101 
901 |a 0500224433  |b IT1  |c ACC  |u 20250521 
902 |a https://opac.biblio.iteso.mx/vufind/Record/000334684